000
00357nam a22001337a 4500
008
170809b xxu||||| |||| 00| 0 eng d
020
_a
9780691121833
041
_a
eng
080
_a
004
100
_a
35
101
_a
SHK
245
_a
A FIRST COURSE IN SCIENTIFIC COMPUTING
_c
LANDAU,R.H
942
_2
udc
_c
BK
999
_c
22939
_d
22939